[Event "FRA-chTW Top 12 2019"]
[Site "Vandoeuvre"]
[Date "2019.05.03"]
[Round "3.12"]
[White "Neuhauser, Salome"]
[Black "Saliou, Sarah"]
[Result "1-0"]
[WhiteElo "2073"]
[BlackElo "1696"]
[Annotator "NA"]
[PlyCount "75"]
[EventDate "2019.05.02"]
[EventType "team-tourn"]
[EventCountry "FRA"]
[SourceTitle "playchess.com"]
[Source "ChessBase"]
[SourceQuality "1"]
[TimeControl "40/5400+30:1800+30"]

1. e4 {[%emt 0:00:00]} c5 {[%emt 0:00:00]} 2. Nf3 {[%emt 0:00:00]} Nc6 {[%emt 0:00:00]} 3. Bb5 {[%emt 0:00:01]} g6 {[%emt 0:00:00]} 4. Bxc6 {[%emt 0:00:07]} dxc6 {[%emt 0:00:00]} 5. d3 {[%emt 0:00:06]} Bg7 {[%emt 0:00:15]} 6. Nc3 {[%emt 0:00:10]} Nh6 {[%emt 0:00:27]} 7. h3 {[%emt 0:00:45]} f6 {[%emt 0:00:07]} 8. Be3 {[%emt 0:01:05]} b6 {[%emt 0:00:18]} 9. Nh2 {[%emt 0:07:11]} e5 {[%emt 0:05:25]} 10. g4 {[%emt 0:04:12]} Be6 {[%emt 0:12:41]} 11. Qe2 {[%emt 0:07:41]} Qe7 {[%emt 0:09:25]} 12. O-O-O {[%emt 0:23:10]} O-O-O {[%emt 0:02:20]} 13. h4 {[%emt 0:08:37]} Nf7 {[%emt 0:12:35]} 14. Nf1 {[%emt 0:04:03]} f5 {[%emt 0:00:30]} 15. gxf5 {[%emt 0:00:30]} gxf5 {[%emt 0:20:00]} 16. exf5 {[%emt 0:01:57]} Bxf5 {[%emt 0:00:30]} 17. Ng3 {[%emt 0:00:30]} Be6 {[%emt 0:00:30]} 18. Nge4 {[%emt 0:38:55]} Bh6 {[%emt 0:12:48]} 19. Rdg1 {[%emt 0:00:00]} Bxe3+ {[%emt 0:01:34]} 20. fxe3 {[%emt 0:00:00]} Nd6 {[%emt 0:07:29]} 21. Ng5 {[%emt 0:00:00]} h6 {[%emt 0:01:10]} 22. Nxe6 {[%emt 0:00:00]} Qxe6 {[%emt 0:00:05]} 23. Qh5 {[%emt 0:00:00]} Rhg8 {[%emt 0:02:37]} 24. b3 {[%emt 0:00:00]} Nf5 {[%emt 0:02:12]} 25. Qf3 {[%emt 0:00:00]} Rxg1+ {[%emt 0:05:18]} 26. Rxg1 {[%emt 0:00:00]} Nxh4 {[%emt 0:01:34]} 27. Qh5 {[%emt 0:00:00]} Nf5 {[%emt 0:00:12]} 28. Rg6 {[%emt 0:00:00]} Qd7 {[%emt 0:00:47]} 29. e4 {[%emt 0:00:00]} Ne7 {[%emt 0:00:18]} 30. Rxh6 {[%emt 0:00:00]} Qd4 {[%emt 0:01:57]} 31. Ne2 {[%emt 0:00:00]} Qe3+ {[%emt 0:00:05]} 32. Kb2 {[%emt 0:00:00]} Kb8 {[%emt 0:02:20]} 33. Qxe5+ {[%emt 0:00:00]} Kc8 {[%emt 0:00:06]} 34. Rh2 {[%emt 0:00:00]} Rd7 {[%emt 0:00:37]} 35. Rh8+ {[%emt 0:00:00]} Kb7 {[%emt 0:00:04]} 36. Rb8+ {[%emt 0:00:00]} Ka6 {[%emt 0:00:05]} 37. Qe6 {[%emt 0:00:00]} Rxd3 {[%emt 0:01:30]} 38. Qc4+ {[%emt 0:00:00]} 1-0

[Event "FRA-chTW Top 12 2019"]
[Site "Vandoeuvre"]
[Date "2019.05.03"]
[Round "3.12"]
[White "Aggoune, Liza"]
[Black "Gras, Delphine"]
[Result "1/2-1/2"]
[WhiteElo "1769"]
[BlackElo "1835"]
[Annotator "NA"]
[PlyCount "158"]
[EventDate "2019.05.02"]
[EventType "team-tourn"]
[EventCountry "FRA"]
[SourceTitle "playchess.com"]
[Source "ChessBase"]
[SourceQuality "1"]
[TimeControl "40/5400+30:1800+30"]

1. e4 {[%emt 0:00:00]} c6 {[%emt 0:00:00]} 2. d4 {[%emt 0:00:00]} d5 {[%emt 0:00:00]} 3. exd5 {[%emt 0:00:30]} cxd5 {[%emt 0:00:00]} 4. Nf3 {[%emt 0:00:28]} Nc6 {[%emt 0:00:36]} 5. c3 {[%emt 0:01:22]} Bg4 {[%emt 0:00:15]} 6. Bf4 {[%emt 0:03:16]} e6 {[%emt 0:00:51]} 7. Nbd2 {[%emt 0:01:24]} Bd6 {[%emt 0:02:55]} 8. Bg3 {[%emt 0:03:05]} Nf6 {[%emt 0:01:28]} 9. Bd3 {[%emt 0:01:55]} O-O {[%emt 0:00:19]} 10. O-O {[%emt 0:00:38]} a6 {[%emt 0:01:23]} 11. Re1 {[%emt 0:07:23]} b5 {[%emt 0:01:25]} 12. a3 {[%emt 0:02:25]} Bxg3 {[%emt 0:07:26]} 13. hxg3 {[%emt 0:00:26]} Qb6 {[%emt 0:00:06]} 14. Qb1 {[%emt 0:08:47]} Ra7 {[%emt 0:05:47]} 15. Ne5 {[%emt 0:03:19]} Bh5 {[%emt 0:02:15]} 16. Nxc6 {[%emt 0:06:20]} Qxc6 {[%emt 0:00:13]} 17. Nb3 {[%emt 0:02:14]} a5 {[%emt 0:03:47]} 18. Nc5 {[%emt 0:04:31]} Rfa8 {[%emt 0:02:52]} 19. Qc2 {[%emt 0:02:32]} Qb6 {[%emt 0:01:16]} 20. Qb3 {[%emt 0:04:34]} Rb8 {[%emt 0:05:48]} 21. a4 {[%emt 0:11:31]} b4 {[%emt 0:02:39]} 22. Bb5 {[%emt 0:01:08]} bxc3 {[%emt 0:02:01]} 23. Qxc3 {[%emt 0:02:44]} Rc7 {[%emt 0:14:06]} 24. Qd2 {[%emt 0:02:12]} Bg6 {[%emt 0:01:50]} 25. Rac1 {[%emt 0:09:12]} Rbc8 {[%emt 0:06:12]} 26. b4 {[%emt 0:07:15]} axb4 {[%emt 0:06:15]} 27. Qxb4 {[%emt 0:02:52]} Ne4 {[%emt 0:01:59]} 28. Nb3 {[%emt 0:00:44]} Nd6 {[%emt 0:07:29]} 29. Rxc7 {[%emt 0:01:54]} Rxc7 {[%emt 0:00:25]} 30. Rc1 {[%emt 0:04:38]} Rb7 {[%emt 0:11:35]} 31. Nc5 {[%emt 0:02:27]} Rc7 {[%emt 0:04:29]} 32. Nb3 {[%emt 0:00:13]} Bc2 {[%emt 0:02:00]} 33. Nc5 {[%emt 0:00:40]} Bxa4 {[%emt 0:06:48]} 34. Qxa4 {[%emt 0:00:27]} Qxb5 {[%emt 0:00:00]} 35. Qa3 {[%emt 0:01:19]} h6 {[%emt 0:00:00]} 36. Ra1 {[%emt 0:01:28]} Nf5 {[%emt 0:00:00]} 37. Nb3 {[%emt 0:01:46]} Rb7 {[%emt 0:00:00]} 38. Rb1 {[%emt 0:00:47]} Nxd4 {[%emt 0:00:00]} 39. Nd2 {[%emt 0:00:12]} Qe2 {[%emt 0:02:12]} 40. Rxb7 {[%emt 0:00:42]} Qxd2 {[%emt 0:00:42]} 41. Qa7 {[%emt 0:30:02]} Qd1+ {[%emt 0:30:20]} 42. Kh2 {[%emt 0:00:02]} Qh5+ {[%emt 0:00:14]} 43. Kg1 {[%emt 0:00:04]} Qd1+ {[%emt 0:00:55]} 44. Kh2 {[%emt 0:00:06]} Qh5+ {[%emt 0:00:26]} 45. Kg1 {[%emt 0:00:06]} Ne2+ {[%emt 0:00:21]} 46. Kf1 {[%emt 0:00:07]} Nc1 {[%emt 0:00:35]} 47. Kg1 {[%emt 0:00:37]} Ne2+ {[%emt 0:00:42]} 48. Kf1 {[%emt 0:00:04]} Nc1 {[%emt 0:00:25]} 49. Kg1 {[%emt 0:00:04]} Qd1+ {[%emt 0:00:31]} 50. Kh2 {[%emt 0:00:02]} Ne2 {[%emt 0:00:31]} 51. Qb8+ {[%emt 0:01:01]} Kh7 {[%emt 0:00:04]} 52. Rb1 {[%emt 0:00:08]} Qd4 {[%emt 0:00:30]} 53. Qb6 {[%emt 0:02:11]} Qe5 {[%emt 0:00:01]} 54. Rb4 {[%emt 0:01:44]} d4 {[%emt 0:00:46]} 55. Qb5 {[%emt 0:00:11]} Qe4 {[%emt 0:00:39]} 56. Qc4 {[%emt 0:01:03]} Qe5 {[%emt 0:01:02]} 57. Rb5 {[%emt 0:00:16]} Qe4 {[%emt 0:00:18]} 58. Rb2 {[%emt 0:00:23]} Nc3 {[%emt 0:00:31]} 59. Rd2 {[%emt 0:00:48]} e5 {[%emt 0:00:44]} 60. Rd3 {[%emt 0:00:59]} Qf5 {[%emt 0:00:24]} 61. Rf3 {[%emt 0:00:29]} Qh5+ {[%emt 0:00:14]} 62. Kg1 {[%emt 0:00:10]} f5 {[%emt 0:00:17]} 63. Rxc3 {[%emt 0:00:42]} dxc3 {[%emt 0:00:10]} 64. Qxc3 {[%emt 0:01:21]} Qd1+ {[%emt 0:00:43]} 65. Kh2 {[%emt 0:00:00]} Qe2 {[%emt 0:00:14]} 66. Qc5 {[%emt 0:00:00]} Qh5+ {[%emt 0:00:38]} 67. Kg1 {[%emt 0:00:00]} e4 {[%emt 0:00:10]} 68. Qe5 {[%emt 0:00:00]} Qg5 {[%emt 0:00:36]} 69. Qc5 {[%emt 0:00:39]} Kg6 {[%emt 0:00:51]} 70. Qe5 {[%emt 0:00:43]} Qf6 {[%emt 0:00:45]} 71. Qf4 {[%emt 0:00:48]} Qg5 {[%emt 0:00:45]} 72. Qd6+ {[%emt 0:00:16]} Kf7 {[%emt 0:00:36]} 73. Qd5+ {[%emt 0:00:32]} Kf8 {[%emt 0:00:29]} 74. Qa8+ {[%emt 0:00:32]} Kf7 {[%emt 0:00:20]} 75. Qd5+ {[%emt 0:00:07]} Kg6 {[%emt 0:00:29]} 76. Qe5 {[%emt 0:00:35]} Qf6 {[%emt 0:00:45]} 77. Qf4 {[%emt 0:00:16]} Kh7 {[%emt 0:00:33]} 78. g4 {[%emt 0:00:20]} g6 {[%emt 0:00:30]} 79. gxf5 {[%emt 0:00:50]} gxf5 {[%emt 0:00:24]} 1/2-1/2

[Event "FRA-chTW Top 12 2019"]
[Site "Vandoeuvre"]
[Date "2019.05.04"]
[Round "4.1"]
[White "Sebag, Marie"]
[Black "Savina, Anastasia"]
[Result "1/2-1/2"]
[WhiteElo "2476"]
[BlackElo "2353"]
[Annotator "TA"]
[PlyCount "87"]
[EventDate "2019.05.02"]
[EventType "team-tourn"]
[EventCountry "FRA"]
[SourceTitle "playchess.com"]
[Source "ChessBase"]
[SourceQuality "1"]

{[%evp 16,87,15,15,30,26,20,28,27,37,30,24,34,22,36,0,8,6,27,23,27,29,68,6,22,0,0,-14,-11,-14,93,-41,-45,-45,-45,-51,-31,-39,-36,-35,-41,-73,-80,-77,-70,-70,-73,-66,-40,-76,-65,-78,-54,-59,-52,-61,-8,-47,0,-9,0,0,0,0,0,0,0,0,0,0,0,0,0,0]} 1. e4 c5 2. Nf3 Nc6 3. Bb5 g6 4. Bxc6 dxc6 5. d3 Bg7 6. h3 Nf6 7. Nc3 Nd7 8. Be3 e5 9. Qd2 h6 {B31: Sicilian: 2...Nc6 3 Bb5 g6} 10. Nh2 (10. O-O b6 11. a3 Nf8 12. b4 Ne6 13. bxc5 f5 14. exf5 gxf5 15. Qe1 O-O 16. Rb1 e4 17. dxe4 {0-1 (36) Wang,H (2730)-Carlsen,M (2835) St Petersburg 2018}) 10... b6 11. O-O Nf8 {White has an edge.} 12. f4 exf4 13. Bxf4 Ne6 14. Be3 Nd4 15. Nd1 {[#]} (15. e5 $5) 15... Qd6 $146 ({Predecessor:} 15... Be6 16. c3 Nb5 17. Nf2 {½-½ (25) Chigaev,M (2634)-Gukesh,D (2536) Karlsruhe 2019}) 16. Bf4 Qe7 17. Ne3 Ne6 18. Bg3 Ba6 19. e5 (19. Nf5 $14 gxf5 20. exf5) 19... h5 $11 20. Nf3 Nd4 $1 21. Nxd4 cxd4 22. Nc4 O-O {[#]} (22... Bxc4 $1 $11 23. dxc4 c5) 23. Qf4 (23. Nd6 $1 $16) 23... Bxc4 $15 24. dxc4 Qc5 25. b3 d3+ 26. Qf2 Qxf2+ 27. Rxf2 Bh6 {...Be3 is the strong threat.} 28. Bf4 Bxf4 29. Rxf4 dxc2 $17 {[%mdl 4096] Endgame KRR-KRR} 30. Rc1 Rfe8 31. Re4 f6 32. e6 Rad8 {[#] And now ...Rd1+ would win.} 33. Rxc2 Rd6 34. Rce2 f5 35. R4e3 Kg7 ({Black should try} 35... Rd4 $15) 36. g4 hxg4 37. hxg4 {The position is equal.} Kf6 38. gxf5 gxf5 {[%cal Re8e6]} 39. e7 c5 40. Kf2 Rd7 {[%cal Rd7e7]} 41. Re6+ Kf7 {[%cal Rd7e7]} 42. R6e5 Kf6 {[%cal Re8e7]} 43. Re6+ Kf7 {[%cal Rd7e7]} 44. R6e5 {Accuracy: White = 49%, Black = 56%.} 1/2-1/2

[Event "FRA-chTW Top 12 2019"]
[Site "Vandoeuvre"]
[Date "2019.05.04"]
[Round "4.2"]
[White "Choisy, Mathilde"]
[Black "Javakhishvili, Lela"]
[Result "0-1"]
[WhiteElo "2113"]
[BlackElo "2459"]
[Annotator "TA"]
[PlyCount "82"]
[EventDate "2019.05.02"]
[EventType "team-tourn"]
[EventCountry "FRA"]
[SourceTitle "playchess.com"]
[Source "ChessBase"]
[SourceQuality "1"]

{[%evp 24,94,16,0,0,-4,5,-36,0,0,0,0,0,13,0,0,1,0,0,0,13,0,0,-5,0,0,0,-27,-27,-127,-127,-127,-127,-165,-58,-79,-87,-89,-65,-61,-60,-64,-67,-95,-81,-81,-81,-81,-81,-96,-95,-127,-135,-135,-135,-130,-96,-96,-96,-287,-326,-293,-268,-338,-281,-468,-358,-1081,-2101,-29971,-29972,-6079,-5206]} 1. e4 d6 2. d4 Nf6 3. Nc3 g6 4. Nf3 c6 5. a4 Bg7 6. Be2 O-O 7. O-O Nbd7 8. h3 Qc7 9. Be3 e5 10. dxe5 Nxe5 11. Nxe5 dxe5 12. Bc4 Nh5 13. a5 Nf4 {B08: Pirc Defence: Classical System} 14. Ne2 $146 ({Predecessor:} 14. Qf3 Be6 15. Bxe6 Nxe6 16. Na4 Rfd8 17. c3 c5 18. b3 b5 19. axb6 axb6 20. c4 Nd4 21. Bxd4 cxd4 22. Nb2 Qe7 23. Nd3 Ra3 24. Rxa3 Qxa3 25. Rb1 Ra8 {½-½ (25) Backlund,A (2321)-Jepson,C (2417) Sweden 2018}) 14... Qe7 15. Ra3 Qb4 {Black is slightly better.} 16. Bb3 Nxe2+ 17. Qxe2 Qxe4 18. Ra4 Qf5 19. Bc5 {Threatens to win with g4.} Re8 20. Qe3 Be6 21. Bxe6 Rxe6 22. c3 Rd8 {[%cal Ba8d8,Bd8d5,Bd5a5,Ba5a6][%mdl 32]} 23. Bxa7 Bf8 24. Re1 Qc2 $36 {[%mdl 2048] Black is pushing.} 25. Re4 Rd5 26. c4 (26. b4 $11 {keeps the balance.}) 26... Rxa5 $17 27. Bb6 Ra6 28. Bc7 {[#]} Qxb2 (28... f6 $1 $19 {And now ...c5 would win.} 29. Rd4 Ra8) 29. Bxe5 Qa3 30. Qf4 Qe7 31. Bc3 c5 $1 32. g3 h5 33. h4 Rxe4 34. Rxe4 Re6 35. Rxe6 Qxe6 36. Kg2 Kh7 37. Kf3 Bg7 38. Bxg7 Kxg7 {[%mdl 4096] Endgame KQ-KQ} 39. Kg2 Qc6+ 40. Kg1 Qf6 {[#] White must now prevent ...Qxf4.} 41. Qc7 $2 (41. Qe4 $17) 41... Qa1+ {Played: Qf6-d4} 0-1

[Event "FRA-chTW Top 12 2019"]
[Site "Vandoeuvre"]
[Date "2019.05.04"]
[Round "4.2"]
[White "Marin Benito, Carla"]
[Black "Safranska, Anda"]
[Result "0-1"]
[WhiteElo "1978"]
[BlackElo "2188"]
[Annotator "NA RC"]
[PlyCount "100"]
[EventDate "2019.05.02"]
[EventType "team-tourn"]
[EventCountry "FRA"]
[SourceTitle "playchess.com"]
[Source "ChessBase"]
[SourceQuality "1"]
[TimeControl "40/5400+30:1800+30"]

1. e4 {[%emt 0:00:00]} g6 {[%emt 0:00:00]} 2. Nc3 {[%emt 0:00:00]} Bg7 {[%emt 0:00:00]} 3. g3 {[%emt 0:00:03]} e5 {[%emt 0:00:48]} 4. Bg2 {[%emt 0:00:11]} Nc6 {[%emt 0:00:48]} 5. Nge2 {[%emt 0:00:59]} d6 {[%emt 0:00:17]} 6. O-O {[%emt 0:00:23]} Nge7 {[%emt 0:00:35]} 7. d3 {[%emt 0:02:16]} O-O {[%emt 0:00:14]} 8. Be3 {[%emt 0:02:13]} h6 {[%emt 0:09:24]} 9. Qd2 {[%emt 0:05:43]} Kh7 {[%emt 0:03:42]} 10. d4 {[%emt 0:15:24]} exd4 {[%emt 0:00:29]} 11. Nxd4 {[%emt 0:00:29]} Ne5 {[%emt 0:00:07]} 12. Qe2 {[%emt 0:08:53]} Ng4 {[%emt 0:00:13]} 13. Rad1 {[%emt 0:01:05]} Nxe3 {[%emt 0:00:19]} 14. Qxe3 {[%emt 0:00:03]} a6 {[%emt 0:01:48]} 15. Nce2 {[%emt 0:07:24]} Rb8 {[%emt 0:01:40]} 16. c3 {[%emt 0:02:39]} Qe8 {[%emt 0:01:37]} 17. f4 {[%emt 0:04:29]} Bd7 {[%emt 0:09:41]} 18. h3 {[%emt 0:08:48]} Rd8 {[%emt 0:07:16]} 19. Rfe1 {[%emt 0:05:26]} c5 {[%emt 0:03:27]} 20. Nb3 {[%emt 0:11:03]} b6 {[%emt 0:01:44]} 21. Nd2 {[%emt 0:03:30]} Bb5 {[%emt 0:02:57]} 22. Kh1 {[%emt 0:02:56]} a5 {[%emt 0:08:24]} 23. c4 {[%emt 0:03:25]} Ba6 {[%emt 0:03:39]} 24. Qb3 {[%emt 0:01:21]} Rb8 {[%emt 0:11:09]} 25. Nc3 {[%emt 0:00:33]} Nc6 {[%emt 0:00:55]} 26. Nf3 {[%emt 0:00:51]} Qe7 {[%emt 0:05:40]} 27. Nb5 {[%emt 0:01:36]} Rfd8 {[%emt 0:00:28]} 28. Rd2 {[%emt 0:01:36]} Bxb5 {[%emt 0:02:23]} 29. cxb5 {[%emt 0:00:19]} Nd4 {[%emt 0:00:13]} 30. Nxd4 {[%emt 0:01:18]} Bxd4 {[%emt 0:00:06]} 31. Rde2 {[%emt 0:01:49]} Qe6 {[%emt 0:04:36]} 32. Qxe6 {[%emt 0:00:54]} fxe6 {[%emt 0:00:02]} 33. a4 {[%emt 0:02:45]} Rf8 {[%emt 0:00:28]} 34. h4 {[%emt 0:00:47]} Rbe8 {[%emt 0:01:09]} 35. Bh3 {[%emt 0:00:15]} Kg7 {[%emt 0:00:39]} 36. b3 {[%emt 0:00:22]} g5 {[%emt 0:07:38]} 37. f5 {[%emt 0:01:09]} gxh4 {[%emt 0:01:39]} 38. gxh4 {[%emt 0:00:14]} Be5 {[%emt 0:00:14]} 39. Kg2 {[%emt 0:00:28]} exf5 {[%emt 0:00:24]} 40. Bxf5 {[%emt 0:01:03]} Kf6 {[%emt 0:00:10]} 41. Bh7 {[%emt 0:31:25]} Bf4 {[%emt 0:32:42]} 42. h5 {[%emt 0:01:47]} Re5 {[%emt 0:01:31]} 43. Bg6 {[%emt 0:00:12]} Rg5+ {[%emt 0:00:27]} 44. Kf1 {[%emt 0:02:03]} Bg3 {[%emt 0:01:39]} 45. Rd1 {[%emt 0:00:43]} Ke5+ {[%emt 0:01:08]} 46. Kg2 {[%emt 0:00:08]} Bf2+ {[%emt 0:00:12]} 47. Kh2 {[%emt 0:00:20]} Bd4 {[%emt 0:00:09]} 48. Rdd2 {[%emt 0:01:23]} Rf4 {[%emt 0:01:55]} 49. Rd3 {[%emt 0:00:36]} Rh4+ {[%emt 0:00:19]} 50. Rh3 {[%emt 0:00:06]} Bg1+ {[%emt 0:07:56]} 0-1

[Event "FRA-chTW Top 12 2019"]
[Site "Vandoeuvre"]
[Date "2019.05.04"]
[Round "4.3"]
[White "Maisuradze, Nino"]
[Black "Thomas, Anysia"]
[Result "1/2-1/2"]
[WhiteElo "2179"]
[BlackElo "2178"]
[Annotator "NA RC"]
[PlyCount "113"]
[EventDate "2019.05.02"]
[EventType "team-tourn"]
[EventCountry "FRA"]
[SourceTitle "playchess.com"]
[Source "ChessBase"]
[SourceQuality "1"]
[TimeControl "40/5400+30:1800+30"]

1. Nf3 {[%emt 0:00:00]} g6 {[%emt 0:00:00]} 2. c4 {[%emt 0:00:42]} Bg7 {[%emt 0:00:07]} 3. d4 {[%emt 0:00:38]} Nf6 {[%emt 0:00:08]} 4. Bf4 {[%emt 0:04:14]} d5 {[%emt 0:02:14]} 5. e3 {[%emt 0:03:52]} O-O {[%emt 0:02:50]} 6. Nc3 {[%emt 0:10:11]} c5 {[%emt 0:00:30]} 7. dxc5 {[%emt 0:01:04]} Qa5 {[%emt 1:27:41]} 8. Rc1 {[%emt 0:07:14]} dxc4 {[%emt 0:00:00]} 9. Bxc4 {[%emt 0:00:15]} Qxc5 {[%emt 0:00:00]} 10. Qb3 {[%emt 0:09:58]} Nc6 {[%emt 0:00:00]} 11. Nb5 {[%emt 0:02:46]} Be6 {[%emt 0:00:00]} 12. O-O {[%emt 0:36:26]} Na5 {[%emt 0:00:00]} 13. Qa3 {[%emt 0:00:21]} Qxa3 {[%emt 0:00:00]} 14. Nxa3 {[%emt 0:00:02]} Nxc4 {[%emt 0:00:00]} 15. Nxc4 {[%emt 0:00:01]} b5 {[%emt 0:00:00]} 16. Na3 {[%emt 0:03:15]} a6 {[%emt 0:00:00]} 17. b3 {[%emt 0:04:52]} Bd5 {[%emt 0:00:00]} 18. Be5 {[%emt 0:01:11]} Bxf3 {[%emt 0:00:00]} 19. gxf3 {[%emt 0:00:07]} Nd5 {[%emt 0:00:00]} 20. Bxg7 {[%emt 0:00:02]} Kxg7 {[%emt 0:00:00]} 21. Nb1 {[%emt 0:03:18]} Rac8 {[%emt 0:00:00]} 22. Rfd1 {[%emt 0:00:44]} e6 {[%emt 0:00:00]} 23. a3 {[%emt 0:00:47]} a5 {[%emt 0:00:00]} 24. Kf1 {[%emt 0:00:11]} h5 {[%emt 0:00:00]} 25. f4 {[%emt 0:00:54]} Rfd8 {[%emt 0:00:00]} 26. Ke2 {[%emt 0:00:23]} Nf6 {[%emt 0:00:00]} 27. Nd2 {[%emt 0:01:00]} Nd5 {[%emt 0:00:00]} 28. Ne4 {[%emt 0:00:35]} b4 {[%emt 0:00:00]} 29. axb4 {[%emt 0:00:21]} axb4 {[%emt 0:00:00]} 30. Kf3 {[%emt 0:01:08]} h4 {[%emt 0:04:55]} 31. Rc4 {[%emt 0:01:28]} Ra8 {[%emt 0:01:57]} 32. Nc5 {[%emt 0:02:11]} Rdb8 {[%emt 0:00:50]} 33. Na4 {[%emt 0:01:10]} Rc8 {[%emt 0:01:43]} 34. Rdc1 {[%emt 0:00:21]} Rxc4 {[%emt 0:00:22]} 35. Rxc4 {[%emt 0:00:02]} f5 {[%emt 0:00:57]} 36. Nc5 {[%emt 0:00:55]} Kf7 {[%emt 0:00:29]} 37. Nd3 {[%emt 0:00:03]} Ra3 {[%emt 0:01:15]} 38. Nxb4 {[%emt 0:00:52]} Rxb3 {[%emt 0:00:05]} 39. Nxd5 {[%emt 0:01:22]} exd5 {[%emt 0:00:04]} 40. Rc7+ {[%emt 0:00:25]} Kf6 {[%emt 0:01:17]} 41. Rc6+ {[%emt 0:30:20]} Kf7 {[%emt 0:30:12]} 42. Rd6 {[%emt 0:00:09]} Rb5 {[%emt 0:00:59]} 43. Kg2 {[%emt 0:00:17]} Rc5 {[%emt 0:00:23]} 44. Rd7+ {[%emt 0:01:21]} Kf6 {[%emt 0:00:06]} 45. Rh7 {[%emt 0:00:17]} d4 {[%emt 0:00:26]} 46. exd4 {[%emt 0:00:22]} Rd5 {[%emt 0:00:07]} 47. Rxh4 {[%emt 0:00:29]} Rxd4 {[%emt 0:00:05]} 48. Kg3 {[%emt 0:00:38]} Rd3+ {[%emt 0:00:09]} 49. f3 {[%emt 0:00:59]} Kg7 {[%emt 0:00:50]} 50. Kf2 {[%emt 0:00:08]} Rd4 {[%emt 0:00:59]} 51. Ke3 {[%emt 0:00:12]} Ra4 {[%emt 0:00:04]} 52. Rh3 {[%emt 0:00:17]} Ra3+ {[%emt 0:00:05]} 53. Kf2 {[%emt 0:00:57]} Ra4 {[%emt 0:01:23]} 54. Kg3 {[%emt 0:01:11]} Ra2 {[%emt 0:00:14]} 55. Rh4 {[%emt 0:00:34]} Ra1 {[%emt 0:01:01]} 56. Kf2 {[%emt 0:00:22]} Ra4 {[%emt 0:00:05]} 57. Kg3 {[%emt 0:01:23]} 1/2-1/2

[Event "FRA-chTW Top 12 2019"]
[Site "Vandoeuvre"]
[Date "2019.05.04"]
[Round "4.3"]
[White "Franc, Nathalie"]
[Black "Bismuth, Lea"]
[Result "0-1"]
[WhiteElo "2004"]
[BlackElo "1956"]
[Annotator "NA RC"]
[PlyCount "110"]
[EventDate "2019.05.02"]
[EventType "team-tourn"]
[EventCountry "FRA"]
[SourceTitle "playchess.com"]
[Source "ChessBase"]
[SourceQuality "1"]
[TimeControl "40/5400+30:1800+30"]

1. d4 {[%emt 0:00:00]} Nf6 {[%emt 0:00:00]} 2. Nc3 {[%emt 0:00:00]} g6 {[%emt 0:00:01]} 3. e4 {[%emt 0:00:02]} d6 {[%emt 0:00:11]} 4. Nf3 {[%emt 0:00:54]} Bg7 {[%emt 0:00:09]} 5. Be2 {[%emt 0:01:22]} O-O {[%emt 0:01:36]} 6. O-O {[%emt 0:00:37]} c5 {[%emt 0:01:46]} 7. h3 {[%emt 0:03:11]} cxd4 {[%emt 0:03:20]} 8. Nxd4 {[%emt 0:00:17]} Nc6 {[%emt 0:00:06]} 9. Be3 {[%emt 0:01:35]} Bd7 {[%emt 0:02:33]} 10. f4 {[%emt 0:07:23]} e5 {[%emt 0:12:35]} 11. fxe5 {[%emt 0:05:25]} dxe5 {[%emt 0:00:30]} 12. Nb3 {[%emt 0:01:11]} h6 {[%emt 0:25:19]} 13. Bc4 {[%emt 0:14:39]} b6 {[%emt 0:08:17]} 14. Qf3 {[%emt 0:10:21]} Kh7 {[%emt 0:05:35]} 15. Rad1 {[%emt 0:04:19]} Qe7 {[%emt 0:00:26]} 16. a3 {[%emt 0:09:10]} Rad8 {[%emt 0:04:00]} 17. Nd5 {[%emt 0:11:29]} Nxd5 {[%emt 0:00:28]} 18. exd5 {[%emt 0:03:29]} e4 {[%emt 0:00:38]} 19. Qf4 {[%emt 0:03:11]} g5 {[%emt 0:02:58]} 20. Qf2 {[%emt 0:04:05]} Ne5 {[%emt 0:01:12]} 21. d6 {[%emt 0:00:32]} Qe8 {[%emt 0:00:49]} 22. Bd5 {[%emt 0:00:41]} f5 {[%emt 0:05:29]} 23. c4 {[%emt 0:03:58]} Nd3 {[%emt 0:02:22]} 24. Qe2 {[%emt 0:02:12]} Ba4 {[%emt 0:07:24]} 25. c5 {[%emt 0:05:04]} Qe5 {[%emt 0:00:16]} 26. Bc4 {[%emt 0:02:00]} bxc5 {[%emt 0:02:07]} 27. Rd2 {[%emt 0:03:00]} f4 {[%emt 0:04:04]} 28. Bxc5 {[%emt 0:02:23]} Bxb3 {[%emt 0:00:23]} 29. Bxd3 {[%emt 0:00:40]} Qxc5+ {[%emt 0:00:12]} 30. Kh1 {[%emt 0:00:33]} exd3 {[%emt 0:00:31]} 31. Qxd3+ {[%emt 0:00:35]} Kh8 {[%emt 0:00:13]} 32. Qxb3 {[%emt 0:00:23]} Rxd6 {[%emt 0:00:34]} 33. Rc2 {[%emt 0:00:27]} Qb6 {[%emt 0:01:01]} 34. Qf3 {[%emt 0:00:43]} Rfd8 {[%emt 0:01:22]} 35. Re1 {[%emt 0:00:51]} Rd3 {[%emt 0:01:22]} 36. Qh5 {[%emt 0:00:33]} Re3 {[%emt 0:01:43]} 37. Rec1 {[%emt 0:00:40]} Qe6 {[%emt 0:00:41]} 38. Rc6 {[%emt 0:00:33]} Rd6 {[%emt 0:02:37]} 39. Rc7 {[%emt 0:01:02]} Re1+ {[%emt 0:01:11]} 40. Kh2 {[%emt 0:00:00]} Rxc1 {[%emt 0:00:29]} 41. Rxc1 {[%emt 0:29:48]} Bxb2 {[%emt 0:30:11]} 42. Rb1 {[%emt 0:01:07]} Be5 {[%emt 0:01:54]} 43. Rb8+ {[%emt 0:00:20]} Kh7 {[%emt 0:00:07]} 44. Rb7+ {[%emt 0:00:26]} Rd7 {[%emt 0:00:06]} 45. Rxd7+ {[%emt 0:00:43]} Qxd7 {[%emt 0:00:05]} 46. Qf3 {[%emt 0:00:15]} Kg7 {[%emt 0:00:54]} 47. Kh1 {[%emt 0:00:19]} a5 {[%emt 0:00:34]} 48. Qe2 {[%emt 0:00:35]} Qd6 {[%emt 0:00:17]} 49. Qf3 {[%emt 0:00:42]} a4 {[%emt 0:00:14]} 50. Qb7+ {[%emt 0:00:32]} Qc7 {[%emt 0:00:16]} 51. Qb5 {[%emt 0:00:38]} f3 {[%emt 0:02:00]} 52. gxf3 {[%emt 0:00:18]} Qc1+ {[%emt 0:00:05]} 53. Kg2 {[%emt 0:00:18]} Qd2+ {[%emt 0:00:09]} 54. Kf1 {[%emt 0:00:40]} Qc1+ {[%emt 0:00:56]} 55. Kg2 {[%emt 0:00:14]} Qb2+ {[%emt 0:00:07]} 0-1

[Event "FRA-chTW Top 12 2019"]
[Site "Vandoeuvre"]
[Date "2019.05.04"]
[Round "4.4"]
[White "Aggoune, Liza"]
[Black "Bauer, Alexandra"]
[Result "1-0"]
[WhiteElo "1769"]
[BlackElo "1349"]
[Annotator "NA"]
[PlyCount "53"]
[EventDate "2019.05.02"]
[EventType "team-tourn"]
[EventCountry "FRA"]
[SourceTitle "playchess.com"]
[Source "ChessBase"]
[SourceQuality "1"]
[TimeControl "40/5400+30:1800+30"]

1. e4 {[%emt 0:00:00]} c5 {[%emt 0:00:00]} 2. Nc3 {[%emt 0:00:00]} Nc6 {[%emt 0:00:00]} 3. Bb5 {[%emt 0:00:34]} e6 {[%emt 0:00:47]} 4. d3 {[%emt 0:01:02]} Nf6 {[%emt 0:01:32]} 5. f4 {[%emt 0:01:03]} d5 {[%emt 0:04:51]} 6. e5 {[%emt 0:03:00]} Nd7 {[%emt 0:01:00]} 7. Nf3 {[%emt 0:01:18]} a6 {[%emt 0:05:32]} 8. Bxc6 {[%emt 0:00:44]} bxc6 {[%emt 0:00:09]} 9. O-O {[%emt 0:01:41]} Be7 {[%emt 1:20:39]} 10. Qe1 Nf8 11. Kh1 h5 12. Qf2 Ng6 13. Bd2 Rb8 14. Rab1 h4 15. h3 a5 16. b3 Ba6 17. Rfe1 O-O 18. Nh2 Qd7 19. Na4 Qa7 20. f5 exf5 {[%emt 0:00:00]} 21. Qxf5 Bc8 {[%emt 0:00:00]} 22. Qh5 Rb5 {[%emt 0:00:00]} 23. Nf3 Qc7 {[%emt 0:00:00]} 24. Bg5 Rd8 {[%emt 0:00:00]} 25. e6 Qd6 {[%emt 0:00:00]} 26. exf7+ Kxf7 {[%emt 0:00:00]} 27. Rxe7+ 1-0